| 000 | 00658cam a2200241 4500 | ||
|---|---|---|---|
| 001 | J3799 | ||
| 008 | 090401t1996 xxu||||| |||| 00| 0 eng d | ||
| 035 | _a(Sirsi) u56972 | ||
| 041 | _aeng | ||
| 050 | _a338.4569 | ||
| 110 |
_aBuilding Employers Confederation _91705 |
||
| 245 | _aConstruction trends survey. - Second quarter 1996 | ||
| 260 |
_aBirmingham _bCIP Ltd _c1996 |
||
| 300 | _a1 pt. ; 30cm. | ||
| 350 | _a60 | ||
| 520 | _aReplaces the BEC State of Trade Enquiry. | ||
| 650 | _aCONSTRUCTION INDUSTRY | ||
| 650 | _aCONSTRUCTION TRENDS SURVEY | ||
| 650 | _aSTATISTICS | ||
| 690 | _aBUILT ENVIRONMENT | ||
| 942 | _n0 | ||
| 948 | _c04/03/1997 | ||
| 999 |
_c93868 _d93868 |
||